000
00185 a2200097 4500
020
_a
9788430511853
041
_a
spa
100
_a
susaeta
245
_a
Cartilla de pinocho
942
_c
BK
999
_c
15071
_d
15071